Lucas Samaras : photos Polaroid photographs, 1969-1983 /
Catalog of an exhibition held at the Musée national d'art moderne, Centre Georges Pompidou, Paris, Sept. 21-Nov. 27, 1983, and Musée d'Art et d'Histoire de Fribourg, Frankfurter Kunstverein, and International Center of Photography, New York, through 1984.
| Corporate Authors: | , , , |
|---|---|
| Other Authors: | |
| Format: | Book |
| Language: | English French German |
| Language Notes: | Essays in English, with French or German translations. |
| Published: |
Paris, France :
Musée national d'art moderne, Centre Georges Pompidou,
[1983]
|
| Subjects: |
MARC
| Tag | First Indicator | Second Indicator | Subfields |
|---|---|---|---|
| LEADER | 00000cam a2200000 a 4500 | ||
| 001 | in00004645513 | ||
| 008 | 860130s1983 fr a c 000 0 eng d | ||
| 005 | 20230225173611.2 | ||
| 019 | |a 11071604 |a 15007495 | ||
| 029 | 1 | |a AU@ |b 000003360726 | |
| 035 | |a (OCoLC)ocm13537905 | ||
| 035 | |a (OCoLC)13537905 |z (OCoLC)11071604 |z (OCoLC)15007495 | ||
| 035 | |a (OCoLC)ocm13537905 | ||
| 040 | |a BRL |b eng |c BRL |d OCL |d UIU |d OCLCQ |d OCLCG |d CRU |d OCLCQ |d OCLCF |d OCLCO |d OCL |d OCLCQ |d OCLCA |d OCLCO |d TXA | ||
| 041 | 1 | |a eng |a fre |a ger |h eng | |
| 043 | |a n-us--- | ||
| 050 | 4 | |a TR647 |b .S245 1983 | |
| 082 | 0 | 4 | |a 779 |b Sa43l |2 20 |
| 100 | 1 | |a Samaras, Lucas, |d 1936- |e artist. | |
| 245 | 1 | 0 | |a Lucas Samaras : |b photos Polaroid photographs, 1969-1983 / |c direction, Eelco Wolf. |
| 246 | 3 | 0 | |a Photos Polaroid photographs, 1969-1983 |
| 264 | 1 | |a Paris, France : |b Musée national d'art moderne, Centre Georges Pompidou, |c [1983] | |
| 300 | |a 23 pages : |b illustrations (chiefly color) ; |c 23 x 31 cm | ||
| 336 | |a text |b txt |2 rdacontent | ||
| 336 | |a still image |b sti |2 rdacontent | ||
| 337 | |a unmediated |b n |2 rdamedia | ||
| 338 | |a volume |b nc |2 rdacarrier | ||
| 520 | |a Catalog of an exhibition held at the Musée national d'art moderne, Centre Georges Pompidou, Paris, Sept. 21-Nov. 27, 1983, and Musée d'Art et d'Histoire de Fribourg, Frankfurter Kunstverein, and International Center of Photography, New York, through 1984. | ||
| 546 | |a Essays in English, with French or German translations. | ||
| 500 | |a Includes introductory essays by Alain Sayag, Roger Marcel Mayou, Peter Weiermair, and William A. Ewing | ||
| 500 | |a Worldwide Books no. 50590. | ||
| 600 | 1 | 0 | |a Samaras, Lucas, |d 1936- |v Exhibitions. |
| 650 | 0 | |a Photography, Artistic |v Exhibitions. | |
| 650 | 0 | |a Instant photography |v Exhibitions. | |
| 650 | 6 | |a Photographie artistique |v Expositions. | |
| 650 | 6 | |a Photographie instantanée |v Expositions. | |
| 600 | 1 | 7 | |a Samaras, Lucas, |d 1936- |2 fast |0 (OCoLC)fst00006231 |
| 650 | 7 | |a Instant photography. |2 fast |0 (OCoLC)fst00974264 | |
| 650 | 7 | |a Photography, Artistic. |2 fast |0 (OCoLC)fst01061964 | |
| 655 | 7 | |a Exhibition catalogs. |2 lcgft | |
| 700 | 1 | |a Wolf, Eelco. | |
| 710 | 2 | |a Centre Georges Pompidou. | |
| 710 | 2 | |a International Center of Photography. | |
| 710 | 2 | |a Frankfurter Kunstverein. | |
| 710 | 2 | |a Musée d'art et d'histoire de Fribourg. | |
| 948 | |h HELD BY TXA - 75 OTHER HOLDINGS | ||
| 994 | |a Z0 |b TXA | ||
| 999 | f | f | |s 642e9cc5-5b90-4ebc-b1ea-e4049ff7b668 |i 18bfdb8d-be91-4c6f-ab42-db5ceea20b11 |t 0 |
| 952 | f | f | |p noncirc |a Texas A&M University |b College Station |c Cushing Memorial Library & Archives |d Cushing: Women & Gender Studies (Does not check out) |t 0 |e TR647 .S245 1983 |f Vertical File |h Library of Congress classification |i unmediated -- volume |m A1485289576M |
| 998 | f | f | |a TR647 .S245 1983 |t 0 |l Cushing: Women & Gender Studies (Does not check out) |